Normal view
MARC view
- Muhammad Faisal Masood
Entry Personal Name
001 - CONTROL NUMBER
- control field: 73204
003 - CONTROL NUMBER IDENTIFIER
- control field: NUST
005 - DATE AND TIME OF LATEST TRANSACTION
- control field: 20210628205001.0
008 - FIXED-LENGTH DATA ELEMENTS
- fixed length control field: 210628|| aca||aabn | a|a d
040 ## - CATALOGING SOURCE
- Original cataloging agency: NUST
- Transcribing agency: NUST
100 ## - HEADING--PERSONAL NAME
- Personal name: Muhammad Faisal Masood
670 ## - SOURCE DATA FOUND
- Source citation: Work cat.: (NUST): Muhammad Faisal Masood, TH-SOF-1789-Student's Performance Analysis and Prediction with the Help of Machine Learning Models, 2020
